Score 0/10 Timer 01:00
6 Plays Today
% Correct
Aladdin
97.3%
Beauty and the Beast
95.4%
Bambi
94.7%
The Lion King
92.6%
Lady and the Tramp
91.8%
Frozen
87.8%
The Hunchback of Notre Dame
86.2%
Tarzan
82.6%
The Rescuers
69.7%
Treasure Planet
50.3%

Today's Daily Dose

You're not logged in!

Compare scores with friends on all Sporcle quizzes.
OR
Log In

Sporcle TV

Today on Sporcle TV


Watch our educational content, quiz creation guides, and fun videos on Sporcle TV.

Show Comments

Extras

Top Quizzes Today


Score Distribution

Paid Content

Your Account Isn't Verified!

In order to create a playlist on Sporcle, you need to verify the email address you used during registration. Go to your Sporcle Settings to finish the process.

Report this User

Report this user for behavior that violates our Community Guidelines.

Details: